| 000 | 00450cam a2200205 4500 | ||
|---|---|---|---|
| 001 | D1190 | ||
| 008 | 090401t1984 xxu||||| |||| 00| 0 eng d | ||
| 035 | _a(Sirsi) u62946 | ||
| 041 | _aeng | ||
| 050 | _a694.01 | ||
| 100 | _aBaird, J. | ||
| 245 | _aTimber designers` manual | ||
| 250 | _a2nd | ||
| 260 |
_aLondon _bGranada _c1984 |
||
| 300 | _axxiv. 624p. 25cm | ||
| 350 | _a35 | ||
| 700 | _aOzelton, E. | ||
| 942 | _n0 | ||
| 948 | _c04/03/1997 | ||
| 999 |
_c94492 _d94492 |
||